000 00756cam a22002052 4500
001 0000024987
005 20151217161558.0
008 140410s xx 000 0 eng d
040 _aKABU
_cKABU
100 1 _aKipkenei, Raymond Kiprop.
_@0000182792
245 1 0 _aAnalysis of policy effectiveness as a strategic management tool on microfinance institutions in Kenya :
_ba case of MFI's in Nakuru Municipality /
_cRaymond Kiprop Kipkenei.
250 _a1st ed.
260 _aNakuru :
_bKabarak University,
_c2012.
300 _axi, 56 leaves.
502 _aThesis (MBA) - Kabarak University, 2012.
650 0 _aMicrofinance
_zKenya.
_@0000182793
908 _a140410
950 _@1
999 _c15405
_d15405